1343 1739 1770 1475 1949 1858 1260 1387 1991 1060 1142 1937 1607 1056 1147 1227 1968 1883 1171 1718 1046 1939 1157 1445 1282 1118 1985 1963 1303 1275 1526 1943 1468 1230 1182 1760 1524 1535 1023 1830 1485 1731 1002 1060 1712 1757 1838 1731 1524 1946 1910 1936 1404 1114 1451 1734 1892 1405 1157 1198 1801 1106 1654 1945 1798 1885 1597 1140 1291 1429 1198 1678 1627 1983 1548 1654 1136 1989 1597 1969 1824 1101 1675 1422 1495 1708 1014 1783 1469 1426 1946 1366 1840 1873 1287 1831 1696 1532 1173 BCNSPRNW ULIB Ver.6.0+V

เปลี่ยนเป็นภาษาไทย

Change to English
 แสดงรายละเอียดบรรณานุกรม
  กลับหน้าหลัก

Brief Record : Get Marc (ISO 2709) : E-mail record : QR code < ปิดหน้าต่าง
LEADER : 00000nam 2200000uu 4500
001    13399120086
003     ULIB
008    120829s2549||||th 000 0 tha d
020    ^a9789749557099
090    ^aนว.^bส894ส 2549
100 0  ^aโสภาค สุวรรณ
245 00 ^aส้มพอหลวง 2/^cโสภาค สุวรรค
250    ^aพิมพ์ครั้งที่ 2
260    ^aกรุงเทพฯ :^bรวมสาส์น,^c2549
300    ^a532 หน้า
945    ^p0^l0^i16168
995    ^aกัณชพร
999    ^aใช้งานได้ทุกระบบ
รายการนี้ยังไม่มีแท็ก
คุณยังไม่ได้ล็อกอิน คุณสามารถมีกิจกรรมร่วมกับเว็บไซต์ได้ แต่ต้องล็อกอินก่อน ::
  ล็อกอิน

รายการสื่อสารสนเทศ

ลำดับที่ ประเภท เลขเรียก/บาร์โค้ด สถานที่ สถานะ
1. นวนิยาย
นวนิยาย
นว. ส894ส 2549  
  Barcode: 16168
ห้องสมุดวิทยาเขตสวรรค์ประชารักษ์
►นวนิยาย
บนชั้น
  ขอยืม

รายการใกล้เคียง
    ผู้แต่ง [โสภาค สุวรรณ]

BibComment


ยังไม่เคยถูกคอมเมนท์

คอมเมนท์ทรัพยากรรายการนี้
  คอมเมนท์: ส้มพอหลวง 2 โสภา..


 Copyright 2026. Bcnsprnw @Library